000 01370cam a2200337 i 4500
001 768714001
003 CO-MdFUSB
005 20231123151103.0
008 160822t2009 -us||||| |||| 00| 0 eng d
020 _a978-0-8006-9715-0
040 _cCO-MdFUSB
_dCO-MdFUSB
_bEspañol
_erda
_aCO-MdFUSB
041 _aeng
082 _224
_a230.0411
_bR731t
100 1 _aRogerson, John W.
245 1 2 _aA Theology of the Old Testament
_b : Cultural memory, communication, and being human
_c/ John W. Rogerson
264 1 _aMinneapolis, Minnesota : Fortress Press
_bFortress Press,
_c[2009]
264 4 _c©2009
300 _ax, 214 páginas
_c;
336 _2rdacontent
337 _2rdamedia
338 _2rdacarrier
500 _aIncluye bibliografía y índices p. 196-214
501 _aRústico
505 0 0 _aHistoria y memoria cultural - teorías de la creación como críticas al mundo de la experiencia humana y de las acciones humanas - Aspectos de la comunicación: relaciones interpersonales - interrumpiendo la comunicación: relaciones sociales - interrumpiendo la comunicación: relaciones divino-humanos - ¿Qué significa ser humano?
630 7 _aBiblia.
_pAntiguo Testamento
_xCrítica, interpretación, etc.
653 _aComunicación
653 _aEnseñanzas bíblicas
942 _cBK
945 _ajohan1477
999 _c46701
_d46701